| 000 | 00922nam a22001937a 4500 | ||
|---|---|---|---|
| 999 |
_c16880 _d16880 |
||
| 003 | AR-CdUCM | ||
| 008 | 190506b ||||| |||| 00| 0 spa d | ||
| 040 |
_aMUNICIPALIDAD PROVINCIAL DEL CUSCO _cBIBLIOTECA MUNICIPAL DEL CUSCO |
||
| 082 |
_a338.9 / _bK98 |
||
| 100 |
_aKuznets, Simon _912227 |
||
| 245 | _aAspectos cuantitativos del desarrollo económico / | ||
| 260 |
_aMéxico, D.F : _bCentro de Estudios Monetarios Latinoamericanos, _c1959. |
||
| 300 |
_a137 páginas ; _c22 cm. |
||
| 505 | _aContenido: Significado y medición del crecimiento económico -- La condición necesaria -- El patrón cronológico de crecimiento -- Resultados de una investigación sobre la estructura industrial de la fuerza de trabajo y del producto nacional... | ||
| 650 |
_aDesarrollo económico _91696 |
||
| 710 |
_aCentro de Estudios Monetarios Latinoamericanos (México) _936603 |
||
| 942 |
_2ddc _cLIBROS |
||
| 945 |
_aacv _d2019-05-06 |
||